书目信息 |
| 题名: |
建设事业IC卡应用技术与发展
|
|
| 作者: | ;建设事业IC卡应用技术与发展》编委会 编 | |
| 分册: | ||
| 出版信息: | 北京 中国建筑工业出版社 2003.04 |
|
| 页数: | 218页 | |
| 开本: | 26cm | |
| 丛书名: | ||
| 单 册: | ||
| 中图分类: | TU , F830.46 | |
| 科图分类: | ||
| 主题词: | 金融 , 银行 | |
| 电子资源: | ||
| ISBN: | 7-112-05669-1 | |
| 000 | 00781nam0 2200217 45 | |
| 001 | 0334212168 | |
| 005 | 2003032509301217 | |
| 010 | @a7-112-05669-1@dCNY 29.00 | |
| 100 | @a20030325d2003 km y0chiy0120 ea | |
| 101 | 0 | @achi |
| 102 | @aCN@b110000 | |
| 200 | 1 | @a建设事业IC卡应用技术与发展@Ajian she shi ye IC ka ying yong ji shu yu fa zhan@f建设事业IC卡应用技术与发展》编委会编@Fjian she shi ye IC ka ying yong ji shu yu fa zhan》bian wei hui bian |
| 210 | @a北京@c中国建筑工业出版社@d2003.04 | |
| 215 | @a218页@d26cm | |
| 606 | 0 | @a金融 |
| 606 | 0 | @a银行 |
| 690 | @aTU@v3 | |
| 690 | 1 | @aF830.46@v4 |
| 711 | 0 | @a建设事业IC卡应用技术与发展》编委会@Ajian she shi ye IC ka ying yong ji shu yu fa zhan》bian wei hui@4编 |
| 801 | 0 | @aCN@bPFT@c20030325 |
| 905 | @a10447@dF830.46@eJ310 | |
| 建设事业IC卡应用技术与发展/建设事业IC卡应用技术与发展》编委会编.-北京:中国建筑工业出版社,2003.04 |
| 218页;26cm |
| ISBN 7-112-05669-1:CNY 29.00 |
| ● |
| 相关链接 |
|
|
|
正题名:建设事业IC卡应用技术与发展
索取号:F830.46/J310
 
预约/预借
| 序号 | 登录号 | 条形码 | 馆藏地/架位号 | 状态 | 备注 |
| 1 | 385444 | 203854445 | 社科库409/422社科库 34排4列4层/ [索取号:F830.46/J310] | 在馆 | |
| 2 | 385445 | 203854454 | 社科库409/409社科库 51排2列4层/ [索取号:F830.46/J310] | 在馆 | |
| 3 | 391978 | 203919787 | 社科库409/409社科库 51排2列4层/ [索取号:F830.46/J310] | 在馆 | |
| 4 | 391979 | 203919796 | 社科库409/422社科库 34排4列4层/ [索取号:F830.46/J310] | 在馆 | |
| 5 | 391980 | 203919803 | 社科库409/422社科库 34排4列4层/ [索取号:F830.46/J310] | 在馆 |